|
|
|
|
| LEADER |
00000nam0a2200000 4500 |
| 001 |
231836 |
| 005 |
20231101231122.0 |
| 010 |
|
|
|a 9785217035113
|
| 035 |
|
|
|a (RuTPU)RU\TPU\book\252862
|
| 090 |
|
|
|a 231836
|
| 100 |
|
|
|a 20130206d2012 m y0rusy50 ca
|
| 101 |
0 |
|
|a rus
|
| 102 |
|
|
|a RU
|
| 105 |
|
|
|a y j 001zy
|
| 200 |
1 |
|
|a Теория и практика налогообложения
|e учебное пособие
|f М. К. Аристархова, О. К. Зуева, М. С. Зуева
|
| 205 |
|
|
|a 2-е изд., перераб. и доп.
|
| 210 |
|
|
|a Москва
|c Машиностроение
|d 2012
|
| 215 |
|
|
|a 297 с.
|
| 320 |
|
|
|a Библиогр.: с. 297.
|
| 330 |
|
|
|a Пособие отличается детализированным изложением сущности и содержания каждого из налогов в принятой классификации - федеральные, региональные, местные.Представление каждого налога выстроено по единой схеме и включает общую характеристику налога с выделением его основных элементов, контрольные вопросы, позволяющие оценить степень освоения представленного теоретического материала, задачи и практические ситуации, дающие возможность опробовать полученные знания в условиях реальной жизни. Даны варианты представленных решений к рассмотрению ситуаций и задач. Пособие составлено в соответствии с налоговым законодательством, действующему с 1 января 2012 года. Предназначено для преподавателей и студентов, аспирантов, слушателей курсов повышения квалификации и переподготовки, практических работников, профессиональная деятельность которых связана с налоговедением.
|
| 606 |
1 |
|
|a Налогообложение
|2 stltpush
|3 (RuTPU)RU\TPU\subj\36473
|9 57839
|
| 610 |
1 |
|
|a финансы
|
| 610 |
1 |
|
|a доходы
|
| 610 |
1 |
|
|a налоги
|
| 610 |
1 |
|
|a налог на добавленную стоимость
|
| 610 |
1 |
|
|a налог на прибыль организаций
|
| 610 |
1 |
|
|a налог на добычу полезных ископаемых
|
| 610 |
1 |
|
|a акцизы
|
| 610 |
1 |
|
|a сборы
|
| 610 |
1 |
|
|a государственная пошлина
|
| 610 |
1 |
|
|a водный налог
|
| 610 |
1 |
|
|a упрощенная система
|
| 610 |
1 |
|
|a единый сельскохозяйственный налог
|
| 610 |
1 |
|
|a единый налог на вмененный доход
|
| 610 |
1 |
|
|a задачи
|
| 610 |
1 |
|
|a учебные пособия
|
| 686 |
|
|
|a У9(2)261.4я73
|v LBC/SL-A
|2 rubbk
|
| 700 |
|
1 |
|a Аристархова
|b М. К.
|g Маргарита Константиновна
|
| 701 |
|
1 |
|a Зуева
|b О. К.
|g Ольга Константиновна
|
| 701 |
|
1 |
|a Зуева
|b М. С.
|g Мария Сергеевна
|
| 801 |
|
1 |
|a RU
|b 63413507
|c 20130206
|
| 801 |
|
2 |
|a RU
|b 63413507
|c 20150522
|g RCR
|
| 942 |
|
|
|c BK
|
| 959 |
|
|
|a 21/20130206
|d 2
|e 500,00
|f ЧЗГЛ:1
|f АНЛ:1
|